On This Day: December 16th Quiz Stats

 Plays Quiz Updated Dec 16, 2017

Score 0/7 Timer 03:00
0 Plays Today
Question Answer Wrong Answers
The First Boer War between the Boer South African Republic and the _____ Empire begins.
1880
British
82.5%
Russian
4%
French
5.9%
German
6.4%
This English novelist, known primarily for her six major novels, is born.
1775
Jane Austen
79%
Charlotte Brontë
11.2%
Virginia Woolf
5.8%
Mary Shelley
3.3%
Paul Castellano and Thomas Bilotti are shot dead on the orders of John Gotti, who assumes leadership of New York's ______ crime family.
1985
Gambino
77.4%
Genovese
12%
Bonanno
2.9%
Lucchese
4.9%
This battle, the last major German offensive on the Western Front during World War II, begins with a surprise push through the Ardennes forest.
1944
Battle of the Bulge
74.2%
Battle of Stalingrad
6.2%
Battle of Midway
4.2%
Battle of Dunkirk
13%
Members of the ______ disguised as Mohawk Indians dump hundreds of crates of tea into Boston Harbor as a protest against the Tea Act.
1773
Sons of Liberty
68.9%
Revolutionary Riders
7.6%
Massachusetts Militia
18.8%
Fighters for Freedom
4.6%
Acting on orders from this US president, the United States Navy battle fleet begins its circumnavigation of the world in order to demonstrate growing American naval power.
1907
Theodore Roosevelt
67.6%
William Howard Taft
9.6%
William McKinley
9.4%
Woodrow Wilson
11.5%
This nation, the largest landlocked country in the world, declares its independence from the Soviet Union.
1991
Kazakhstan
63%
Kyrgyzstan
14.9%
Afghanistan
14.5%
Turkmenistan
4.6%

You're not logged in!

Compare scores with friends on all Sporcle quizzes.
OR
Log In

You Might Also Like...

Show Comments

Extras

Top Quizzes Today


Score Distribution

Your Account Isn't Verified!

In order to create a playlist on Sporcle, you need to verify the email address you used during registration. Go to your Sporcle Settings to finish the process.

Report this User

Report this user for behavior that violates our Community Guidelines.

Details: